Регионална библиотека "Любен Каравелов" - Русе

Речник на българский язик (Запис номер 193849)

MARC детайли
000 -Лидер
Контролно поле с фиксирана дължина nam a22 a 4500
003 - Код на организацията, давaща контролен номер
Контролно поле BLK
005 - Дата и час на последна редакция
Контролно поле 20201013124035.0
008 - Елементи от данни с фиксирана дължина
fixed length control field 180411b bul|||||r ||||||| ||bul||
010 ## - Наследен системен номер
LC control number KNG00203071000
040 ## - Източник на каталожния запис
Идентификатор на билиотеката - собственик на записа BLK
041 ## - Код за език
Код за езика на текст/звукозапис или на отделно заглавие Български
Код за езика КДБФ Български
080 ## - УДК
Текстов определител УДК Български език
УДК код - определител по УДК 811.163.2
УДК определител (038)
УДК - код + определител 811.163.2(038)
139 ## - Редно поле
Редна дума Геров, Найден
Авторски знак Геро - Г 41
245 10 - Сведения за заглавието
Заглавие Речник на българский язик
Подзаглавни данни С тълкувание речите на български и руски : Ч. 1 - 5
Редно поле (дума) събр. и наредил Найден Геров.
Том Ч. 3
257 ## - Страна на издаване
Страна на създаване/издаване България
260 ## - Област на издателските данни
Година на издаване 1895 -
Печатница Пловдив : друж. печ. Съгласие
Място на издаване, разпространение и проч. Пловдив
300 ## - Физическа характеристика
Размери/Мащаб 27 см
380 ## - Жанр
Жанр Езикознание. Филология
490 ## - СЕРИИ (Колекции)
9 (RLIN) 435080
Име на серия Колекция Редки и ценни издания
500 ## - Общи забележки
Забележка Пълното име на авт. е Найден Геров Хаджиберович.Екз. с Инв. № 120000809654 подв. към т. 1 със сигн. Рб 895 и инв. № 8578/58. Екз. с Инв. № 120000809656 подв. към т. 1 със сигн. Рб 895 и инв. № 33158-І.<br/><br/>
650 #4 - Допълнително описание по предмет – тема
Основно описание – тема или топоним Български език - речници
9 (RLIN) 243548
700 1# - Други автори (авторска отговорност)
Лично име Геров, Найден
Автороска отговорност (Описва отношението между автора и произведението) събр. и наредил
9 (RLIN) 373791
760 1# - Описание на основната серия
Място на издаване, издател и година 1899
Страници - том ІV, 440 с.
Заглавие Ч. 3
852 ## - Местоположение
Форматна сигнатура Рб 1895
Фондова буква Редки и ценни
856 4# - Електронен адрес и достъп
Електронен формат pdf - файл
856 4# - Електронен адрес и достъп
Електронен формат pdf - файл
999 ## - СИСТЕМНИ КОНТРОЛНИ НОМЕРА
Koha biblionumber 193849
Koha biblioitemnumber 193849
942 ## - АРТИКУЛИ
Вид на библиотечния материал Книги
Скрит в OPAC Не
Периодичен библиозапис Да
944 ## - СЪЗДАВАНЕ И РЕДАКЦИЯ на ЗАПИСА
Създаване/Редакция Създаване
Дата на регистрацията/редакция 15.03.2017
Служител, извършил регистрацията/редакцията Геновева_Генчева
944 ## - СЪЗДАВАНЕ И РЕДАКЦИЯ на ЗАПИСА
Създаване/Редакция Редакция
Дата на регистрацията/редакция 30.03.2017
Служител, извършил регистрацията/редакцията Пенка_Димитрова
999 ## - СИСТЕМНИ КОНТРОЛНИ НОМЕРА
Koha biblioitemnumber 193849
Наличности
Код за отписване Код за изгубен артикул Източник на класификационната схема Код за повреда Коз за рестрикции Код за отдаване Артикулен № Име на библиотеката - собственик Име на библиотеката, в която се намира в момента Статус (Текущо местоположение) Дата на вписване в системата Местоположение - отдел Цена в лева Инвентарен номер Систематично азбучна сигнатура Баркод Номер на екземпляра Цена в евро Служебна бележка Служебен тип на артикула
  Не е изгубен Universal Decimal Classification Не е повреден само за читалня Специални фондове ( старопечатни, редки и ценни, фонд М. Арнаудов) 339326 Регионална библиотека "Любен Каравелов" Русе Регионална библиотека "Любен Каравелов" Русе Редки и ценни 1899-01-01 Редки и ценни 0.48 17888-ІІІ Рб 895 900000021160 1 0.25 N: стар фонд Книги
  Не е изгубен Universal Decimal Classification Не е повреден само за читалня Специални фондове ( старопечатни, редки и ценни, фонд М. Арнаудов) 339327 Регионална библиотека "Любен Каравелов" Русе Регионална библиотека "Любен Каравелов" Русе Редки и ценни 1899-01-01 Редки и ценни 1.50 8581/58 Рб 895 900000021161 2 0.77 N: стар фонд Книги
  Не е изгубен Universal Decimal Classification Не е повреден само за читалня Специални фондове ( старопечатни, редки и ценни, фонд М. Арнаудов) 339328 Регионална библиотека "Любен Каравелов" Русе Регионална библиотека "Любен Каравелов" Русе Редки и ценни 1899-01-01 Редки и ценни 0.00 453782 Рб 895 120000453782 3 0.00 N: стар фонд Книги
  Не е изгубен Universal Decimal Classification Не е повреден само за читалня Специални фондове ( старопечатни, редки и ценни, фонд М. Арнаудов) 339329 Регионална библиотека "Любен Каравелов" Русе Регионална библиотека "Любен Каравелов" Русе Редки и ценни 2017-03-31 Редки и ценни 50.00 120000809654 Рб 895 120000809654 4 25.56 Дост: DA Вид: А N: 16 Дата: 31.03.2017 Книги
  Не е изгубен Universal Decimal Classification Не е повреден само за читалня Специални фондове ( старопечатни, редки и ценни, фонд М. Арнаудов) 339330 Регионална библиотека "Любен Каравелов" Русе Регионална библиотека "Любен Каравелов" Русе Редки и ценни 2017-03-31 Редки и ценни 50.00 120000809656 Рб 895 120000809656 5 25.56 Дост: DA Вид: А N: 16 Дата: 31.03.2017 Книги
Vip Innovations Ltd, Rousse, Bulgaria 2025